000 00621nam a22002057a 4500
003 OSt
005 20260630120712.0
008 260630b |||||||| |||| 00| 0 eng d
020 _a1575170817
040 _cChuka university Library
050 _aLB .M36 1998
100 _aAngermeyer Margaret Mangan
_932059
245 _aBrain-Compatible Science
260 _aUSA
_bSkylight
_c1998
300 _aVarious Pagings
_bIllustrated
650 _aScience---Study and Teaching (Elementary)
_929157
650 _aScience--Study and Teaching (Secondary)
_932060
650 _aLearning, Psychology
_911394
942 _2lcc
_cBK
_n0
999 _c25625
_d25625